书目信息 |
| 题名: |
观点
|
|
| 作者: | 王春磊 主编 | |
| 分册: | 法学2006 | |
| 出版信息: | 福州 福建人民出版社 2007 |
|
| 页数: | 199页 | |
| 开本: | 23cm | |
| 丛书名: | ||
| 单 册: | ||
| 中图分类: | C53 , D90-53 | |
| 科图分类: | ||
| 主题词: | 社会科学--文集 , 法学--文集 , 社会科学 , 法学 | |
| 电子资源: | ||
| ISBN: | 978-7-211-05463-3 | |
| 000 | 00833nam0 2200277 450 | |
| 001 | 1234463608 | |
| 005 | 20121003093515.48 | |
| 010 | @a978-7-211-05463-3@dCNY22.20 | |
| 100 | @a20070226d2007 em y0chiy50 ea | |
| 101 | 0 | @achi |
| 102 | @aCN@b350000 | |
| 105 | @ay z 001yy | |
| 200 | 1 | @a观点@Aguan dian@i法学2006@f王春磊主编 |
| 210 | @a福州@c福建人民出版社@d2007 | |
| 215 | @a199页@d23cm | |
| 300 | @a2006年度中国学术观点 中国人民大学书报资料中心 | |
| 330 | @a本书分“焦点·事件”、“争点·立法”、“亮点·改革”、“热点·社会”、“观点·学科”五个专题,收入了百余篇文章。 | |
| 606 | 0 | @a社会科学@j文集 |
| 606 | 0 | @a法学@j文集 |
| 606 | 0 | @a社会科学 |
| 606 | 0 | @a法学 |
| 690 | @aC53@v4 | |
| 690 | @aD90-53@v4 | |
| 701 | 0 | @a王春磊@Awang chun lei@4主编 |
| 801 | 0 | @aCN@bNLC@c20101222 |
| 905 | @a10447@dC53@eJY96 | |
| 观点.法学2006/王春磊主编.-福州:福建人民出版社,2007 |
| 199页;23cm |
| 2006年度中国学术观点 中国人民大学书报资料中心 |
| ISBN 978-7-211-05463-3:CNY22.20 |
| 本书分“焦点·事件”、“争点·立法”、“亮点·改革”、“热点·社会”、“观点·学科”五个专题,收入了百余篇文章。 |
| ● |
| 相关链接 |
|
|
|
|
正题名:观点
索取号:C53/JY96
 
预约/预借
| 序号 | 登录号 | 条形码 | 馆藏地/架位号 | 状态 | 备注 |
| 1 | 7810203 | 278102036 | 学院路分馆/ [索取号:C53/JY96] | 在馆 | |
| 2 | 7810204 | 278102045 | 学院路分馆/ [索取号:C53/JY96] | 在馆 |